000 00257nam a22001097a 4500
041 _aeng
080 _a54
090 _bSCH
100 _aSchwartz, Julius.
245 _aThrough the Magnifying Glass: Little Things That Make a Big Difference.
999 _c280856
_d280856
942 _cBK